<?xml version="1.0" encoding="UTF-8"?>
<collection xmlns="http://www.loc.gov/MARC21/slim">
<record>
  <controlfield tag="001">87812</controlfield>
  <controlfield tag="005">20240503120756.0</controlfield>
  <datafield tag="024" ind1="7" ind2=" ">
    <subfield code="2">doi</subfield>
    <subfield code="a">10.26754/ojs_artigrama/artigrama.2018338282</subfield>
  </datafield>
  <datafield tag="024" ind1="8" ind2=" ">
    <subfield code="2">sideral</subfield>
    <subfield code="a">116076</subfield>
  </datafield>
  <datafield tag="037" ind1=" " ind2=" ">
    <subfield code="a">ART-2018-116076</subfield>
  </datafield>
  <datafield tag="041" ind1=" " ind2=" ">
    <subfield code="a">spa</subfield>
  </datafield>
  <datafield tag="100" ind1=" " ind2=" ">
    <subfield code="a">Tarifa Castilla, María Josefa</subfield>
    <subfield code="u">Universidad de Zaragoza</subfield>
    <subfield code="0">(orcid)0000-0001-7723-2238</subfield>
  </datafield>
  <datafield tag="245" ind1=" " ind2=" ">
    <subfield code="a">La capilla de San Joaquín de la Basílica del Pilar de Zaragoza bajo el patronato de los Duques de Montemar</subfield>
  </datafield>
  <datafield tag="260" ind1=" " ind2=" ">
    <subfield code="c">2018</subfield>
  </datafield>
  <datafield tag="506" ind1="0" ind2=" ">
    <subfield code="a">Access copy available to the general public</subfield>
    <subfield code="f">Unrestricted</subfield>
  </datafield>
  <datafield tag="520" ind1="3" ind2=" ">
    <subfield code="a">Los duques de Montemar ostentaron el patronato de la capilla de San Joaquín de la Basílica de Nuestra Señora del Pilar de Zaragoza desde 1761. La II duquesa de Montemar, María Magdalena Carrillo de Albornoz, quiso construir en el subsuelo de la capilla un panteón con derecho de enterramiento exclusivo para los miembros de su linaje, cuyo proyecto encargó a Joaquín Gracián, quien en 1773 realizó dos propuestas acompañadas de planos, si bien finalmente no fue acometido. Esta aristócrata también se encargó de dotar la capilla con el correspondiente exorno artístico, como el inédito retrato del I duque de Montemar, que realizó el pintor flamenco Juan Andrés Merklein (1779).

The dukes of Montemar held the patronage of the chapel of Saint Joachim of the Basilica of Our Lady of the Pilar of Saragossa since 1761. The II Duchess, María Magdalena Carrillo de Albornoz, intended to build in the subsoil of the chapel the pantheon of the dukes of Montemar, whose project entrusted Joaquín Gracián, who in 1773 made two proposals accompanied by blueprints, although finally it was not undertaken. This aristocrat also endowed the chapel with the artistic ornaments, for which she commissioned a previously unknown portrait of the I duque de Montemar, made by the Flemish painter Juan Andrés Merklein (1779).</subfield>
  </datafield>
  <datafield tag="536" ind1=" " ind2=" ">
    <subfield code="9">info:eu-repo/grantAgreement/ES/DGA/H19-17R</subfield>
    <subfield code="9">info:eu-repo/grantAgreement/ES/MINECO/HAR2017-85523-P</subfield>
  </datafield>
  <datafield tag="540" ind1=" " ind2=" ">
    <subfield code="9">info:eu-repo/semantics/openAccess</subfield>
    <subfield code="a">by-nc</subfield>
    <subfield code="u">http://creativecommons.org/licenses/by-nc/3.0/es/</subfield>
  </datafield>
  <datafield tag="655" ind1=" " ind2="4">
    <subfield code="a">info:eu-repo/semantics/article</subfield>
    <subfield code="v">info:eu-repo/semantics/publishedVersion</subfield>
  </datafield>
  <datafield tag="710" ind1="2" ind2=" ">
    <subfield code="1">3007</subfield>
    <subfield code="2">465</subfield>
    <subfield code="a">Universidad de Zaragoza</subfield>
    <subfield code="b">Dpto. Historia del Arte</subfield>
    <subfield code="c">Área Historia del Arte</subfield>
  </datafield>
  <datafield tag="773" ind1=" " ind2=" ">
    <subfield code="g">33 (2018), 325-346</subfield>
    <subfield code="p">Artigrama</subfield>
    <subfield code="t">Artigrama</subfield>
    <subfield code="x">0213-1498</subfield>
  </datafield>
  <datafield tag="856" ind1="4" ind2=" ">
    <subfield code="s">2637941</subfield>
    <subfield code="u">http://zaguan.unizar.es/record/87812/files/texto_completo.pdf</subfield>
    <subfield code="y">Versión publicada</subfield>
  </datafield>
  <datafield tag="856" ind1="4" ind2=" ">
    <subfield code="s">10377</subfield>
    <subfield code="u">http://zaguan.unizar.es/record/87812/files/texto_completo.jpg?subformat=icon</subfield>
    <subfield code="x">icon</subfield>
    <subfield code="y">Versión publicada</subfield>
  </datafield>
  <datafield tag="856" ind1="4" ind2="1">
    <subfield code="u">http://www.unizar.es/artigrama/html_dig/33.html</subfield>
    <subfield code="z">Texto completo de la revista</subfield>
  </datafield>
  <datafield tag="909" ind1="C" ind2="O">
    <subfield code="o">oai:zaguan.unizar.es:87812</subfield>
    <subfield code="p">articulos</subfield>
    <subfield code="p">driver</subfield>
  </datafield>
  <datafield tag="951" ind1=" " ind2=" ">
    <subfield code="a">2024-05-03-12:03:25</subfield>
  </datafield>
  <datafield tag="980" ind1=" " ind2=" ">
    <subfield code="a">ARTICLE</subfield>
  </datafield>
</record>
</collection>